| 000 | 01037nam a2200253 a 4500 | ||
|---|---|---|---|
| 001 | 83644 | ||
| 003 | BD-RjUL | ||
| 005 | 20240505100124.0 | ||
| 008 | 240505s1991 bg a|||| m||| 00| 0 eng d | ||
| 035 | _a(BD-RjUL)83644 | ||
| 040 |
_aBD-RjUL _beng _cBD-RjUL _dBD-RjUL |
||
| 041 | _aeng | ||
| 082 |
_223 _a576.85 _bSAG 1991 |
||
| 100 |
_aSamad, Abdus _912831 |
||
| 245 |
_aGENETIC STUDY AND GENOTYPE-ENVIRONMENT INTERACTION OF SOME AGRONOMICAL CHARACTERS IN RAPESEED ( Brassica campestris L.) / _cAbdus Samad _6Supervisor : M.A. Khaleque Co-Supervisor : Md. Moslem Uddin |
||
| 260 |
_aRajshahi : _bDepartment of Botany,University of Rajshahi _c1991 |
||
| 300 |
_a[2], xi, [6], 390 leaves : _bill.; _c29 cm. |
||
| 502 | _aThesis (Ph.D.) -- Department of Botany,University of Rajshahi,1991 | ||
| 504 | _aBibliography : Leaves 371-390 | ||
| 650 |
_aGenotype-environment interaction _xAgronomical Characters _912832 |
||
| 700 |
_aKhaleque, M.A. Supervisor _912833 |
||
| 700 |
_aUddin, Md. Moslem, Co-Supervisor _912834 |
||
| 942 |
_2ddc _cTHE |
||
| 999 |
_c83644 _d83644 |
||